Et l'humain dans tout ça ? (notice n° 1645220)

détails MARC
000 -LEADER
fixed length control field 01079cam a2200229 4500500
005 - DATE AND TIME OF LATEST TRANSACTION
control field 20260208001800.0
041 ## - LANGUAGE CODE
Language code of text/sound track or separate title fre
042 ## - AUTHENTICATION CODE
Authentication code dc
100 10 - MAIN ENTRY--PERSONAL NAME
Personal name Laporte, Chrystelle
Relator term author
245 00 - TITLE STATEMENT
Title Et l'humain dans tout ça ?
260 ## - PUBLICATION, DISTRIBUTION, ETC.
Date of publication, distribution, etc. 2009.<br/>
500 ## - GENERAL NOTE
General note 87
520 ## - SUMMARY, ETC.
Summary, etc. RésuméIci, j’aborde l’accompagnement dans ses valeurs d’humanité, de responsabilité, de vide « à ne pas combler » en opposition avec la société de consommation, et sa « douce-amère illusion » que le bonheur est un objet comme les autres, qui s’achète. Y perlent les contours, les détours, les ratures...Y germe mon idée de jonglage, d’entre-deux. Je pointe aussi en quoi les fondements de l’accompagnement sont aujourd’hui mis en danger.
690 ## - LOCAL SUBJECT ADDED ENTRY--TOPICAL TERM (OCLC, RLIN)
Topical term or geographic name as entry element danger
690 ## - LOCAL SUBJECT ADDED ENTRY--TOPICAL TERM (OCLC, RLIN)
Topical term or geographic name as entry element entre-deux
690 ## - LOCAL SUBJECT ADDED ENTRY--TOPICAL TERM (OCLC, RLIN)
Topical term or geographic name as entry element jonglage
690 ## - LOCAL SUBJECT ADDED ENTRY--TOPICAL TERM (OCLC, RLIN)
Topical term or geographic name as entry element ratures
690 ## - LOCAL SUBJECT ADDED ENTRY--TOPICAL TERM (OCLC, RLIN)
Topical term or geographic name as entry element société de consommation
690 ## - LOCAL SUBJECT ADDED ENTRY--TOPICAL TERM (OCLC, RLIN)
Topical term or geographic name as entry element valeurs
786 0# - DATA SOURCE ENTRY
Note Empan | 74 | 2 | 2009-08-11 | p. 35-40 | 1152-3336
856 41 - ELECTRONIC LOCATION AND ACCESS
Uniform Resource Identifier <a href="https://shs.cairn.info/revue-empan-2009-2-page-35?lang=fr&redirect-ssocas=7080">https://shs.cairn.info/revue-empan-2009-2-page-35?lang=fr&redirect-ssocas=7080</a>

Pas d'exemplaire disponible.

PLUDOC

PLUDOC est la plateforme unique et centralisée de gestion des bibliothèques physiques et numériques de Guinée administré par le CEDUST. Elle est la plus grande base de données de ressources documentaires pour les Étudiants, Enseignants chercheurs et Chercheurs de Guinée.

Adresse

627 919 101/664 919 101

25 boulevard du commerce
Kaloum, Conakry, Guinée

Réseaux sociaux

Powered by Netsen Group @ 2025